[Event "Superettan(Schack 08-Kamraterna)"]
[Site "?"]
[Date "2013.01.12"]
[Round "4"]
[White "Ingbrant, Johan"]
[Black "Svensson, Bengt"]
[Result "1-0"]
[WhiteElo "2437"]
[BlackElo "2456"]
[PlyCount "113"]
[EventDate "2013.??.??"]

1. d4 d5 2. c4 c6 3. Nf3 Nf6 4. Qc2 dxc4 5. e4 b5 6. b3 cxb3 7. axb3 g6 8. Bd2
a5 9. Bd3 Bg7 10. O-O O-O 11. Bc3 Nbd7 12. Nbd2 Qb6 13. Ra2 c5 14. Rfa1 b4 15.
Bb2 Ba6 16. d5 e6 17. Bxa6 Rxa6 18. Nc4 Qb8 19. d6 Qb7 20. Nfd2 Rfa8 21. Ra4
Qc6 22. Qd3 Qb5 23. Qf3 R8a7 24. h3 Qb8 25. Rd1 Qa8 26. Qe3 Qc6 27. Ba1 Qa8 28.
f4 Qc6 29. Re1 Ra8 30. Qg3 Nh5 31. Qh4 Nhf6 32. Nf3 Nxe4 33. Bxg7 Kxg7 34. Nfe5
Nxe5 35. fxe5 Nc3 36. Qf6+ Kg8 37. Rxa5 Nd5 38. Rxa6 Qxa6 39. Qg5 Qc6 40. h4
Kg7 41. Rf1 Ra2 42. Rf3 h6 43. Qg4 Ra7 44. Nd2 Qa6 45. Kh2 Qa1 46. Nc4 Qb1 47.
Nd2 Qb2 48. Nc4 Qb1 49. Ne3 Qxb3 50. Nxd5 Qxd5 51. Qf4 b3 52. h5 g5 53. Rg3 b2
54. Qf6+ Kh7 55. Rxg5 hxg5 56. h6 Qxe5+ 57. Qxe5 1-0

[Event "Superettan(Schack 08-Kamraterna)"]
[Site "?"]
[Date "2013.01.12"]
[Round "4"]
[White "Akbarinia, Arash"]
[Black "Renman, Nils-Gustaf"]
[Result "1-0"]
[WhiteElo "2352"]
[BlackElo "2410"]
[PlyCount "59"]

1. d4 e6 2. Nf3 f5 3. g3 Nf6 4. Bg2 d5 5. O-O Bd6 6. c4 c6 7. b3 Qe7 8. a4 a5
9. Ba3 Bxa3 10. Nxa3 O-O 11. Qc2 Na6 12. Qb2 Bd7 13. Ne5 Be8 14. Nc2 Bh5 15.
Ne1 Nb4 16. N1d3 Nxd3 17. Nxd3 Nd7 18. Rfb1 g5 19. e3 f4 20. exf4 Bg6 21. Qe2
gxf4 22. Re1 fxg3 23. fxg3 dxc4 24. bxc4 Qd6 25. Qe3 Bxd3 26. c5 Qe7 27. Qxd3
Rad8 28. Qb3 Nf6 29. Rxe6 Qf7 30. Rf1 1-0

[Event "Superettan(Schack 08-Kamraterna)"]
[Site "?"]
[Date "2013.01.12"]
[Round "4"]
[White "Faldt, Magnus"]
[Black "Hamark, Jesper"]
[Result "0-1"]
[WhiteElo "2211"]
[BlackElo "2385"]
[PlyCount "60"]

1. d4 Nf6 2. c4 e6 3. Nc3 Bb4 4. Qc2 Nc6 5. Nf3 d5 6. a3 Bxc3+ 7. Qxc3 Ne4 8.
Qc2 e5 9. dxe5 Bf5 10. g4 Bg6 11. Qa4 O-O 12. Bf4 d4 13. Rd1 Nc5 14. Qb5 Qe7
15. b4 Ne6 16. Bg3 a5 17. c5 axb4 18. axb4 d3 19. exd3 Ned4 20. Nxd4 Nxd4 21.
Qxb7 Rfb8 22. Qd5 Rd8 23. Qb7 Rdb8 24. Qd5 Rd8 25. Qb7 Nc2+ 26. Kd2 Rab8 27.
Qa7 Nxb4 28. Be2 Nxd3 29. Ke3 Nxe5 30. Rhe1 Nc6+ 0-1

[Event "Superettan(Schack 08-Kamraterna)"]
[Site "?"]
[Date "2013.01.12"]
[Round "4"]
[White "Svenn, Gosta"]
[Black "Ottenklev, Niclas"]
[Result "1-0"]
[WhiteElo "2331"]
[BlackElo "2201"]
[PlyCount "77"]

1. Nf3 f5 2. g3 Nf6 3. Bg2 g6 4. O-O Bg7 5. c4 d6 6. Nc3 O-O 7. d3 e5 8. Rb1
Nc6 9. b4 h6 10. b5 Ne7 11. Nd2 g5 12. Qb3 Kh8 13. a4 Rb8 14. a5 Be6 15. Nd5
Ng6 16. Ba3 Qd7 17. Qc2 c6 18. Nxf6 Bxf6 19. a6 cxb5 20. axb7 e4 21. Rxb5 Ne5
22. Rfb1 e3 23. fxe3 Ng4 24. Bb2 Nxe3 25. Bxf6+ Rxf6 26. Qc3 Qg7 27. Bc6 h5 28.
Qd4 Ng4 29. Qxd6 Qg8 30. Qd4 Qg7 31. Bg2 h4 32. Ra5 hxg3 33. hxg3 Qc7 34. Rxa7
Qxg3 35. Nf1 Qc7 36. Ra8 Kh7 37. Rxb8 Qxb8 38. Rb6 Kg6 39. Qd6 1-0

[Event "Superettan(Schack 08-Kamraterna)"]
[Site "?"]
[Date "2013.01.12"]
[Round "4"]
[White "Schutz, Ingemar"]
[Black "Mohammadi, Amir"]
[Result "1-0"]
[WhiteElo "2235"]
[BlackElo "2293"]
[PlyCount "55"]

1. e4 c5 2. Nf3 e6 3. d4 cxd4 4. Nxd4 Nf6 5. Nc3 d6 6. Bc4 Be7 7. a3 a6 8. Ba2
O-O 9. Be3 Qc7 10. g4 Nc6 11. g5 Nd7 12. Qh5 Nxd4 13. Bxd4 Qa5 14. Rg1 Rd8 15.
Rg3 Nf8 16. b4 Qc7 17. Rf3 Ng6 18. O-O-O a5 19. Rh3 Nf8 20. Rdd3 d5 21. Rdf3
Bxb4 22. axb4 axb4 23. Nb5 Qd7 24. Nd6 Ra3 25. Rxf7 Rxh3 26. Rxd7 Rxd7 27. Qxh3
Rxd6 28. exd5 1-0

[Event "Superettan(Schack 08-Kamraterna)"]
[Site "?"]
[Date "2013.01.12"]
[Round "4"]
[White "Haggstrom, Olle"]
[Black "Arvidsson, Tomas"]
[Result "1/2-1/2"]
[WhiteElo "2219"]
[BlackElo "2011"]
[PlyCount "60"]

1. e4 c5 2. Nf3 Nc6 3. d4 cxd4 4. Nxd4 Nf6 5. Nc3 e5 6. Ndb5 d6 7. Bg5 a6 8.
Na3 b5 9. Nd5 Be7 10. Bxf6 Bxf6 11. c4 b4 12. Nc2 Rb8 13. Be2 O-O 14. O-O a5
15. b3 Bg5 16. Bg4 Bb7 17. a3 bxa3 18. Rxa3 Ne7 19. Nxe7+ Bxe7 20. Qe1 d5 21.
Rxa5 dxe4 22. Rxe5 Bf6 23. Rb5 Qd3 24. Nb4 Qxb3 25. Be2 Qa3 26. Nc2 Qa4 27. Qb1
Qa8 28. Ne3 Bc6 29. Rxb8 Rxb8 30. Qd1 Rd8 1/2-1/2

[Event "Superettan(Schack 08-Kamraterna)"]
[Site "?"]
[Date "2013.01.12"]
[Round "4"]
[White "Fredriksson, Leif"]
[Black "Borvander, Tom"]
[Result "1/2-1/2"]
[WhiteElo "2157"]
[BlackElo "2207"]
[PlyCount "43"]

1. e4 e5 2. Nf3 Nc6 3. Bb5 a6 4. Ba4 Nf6 5. O-O b5 6. Bb3 Bc5 7. d3 O-O 8. Bg5
h6 9. Bh4 d6 10. h3 Na5 11. Nc3 Nxb3 12. axb3 c6 13. Qd2 Re8 14. Rac1 Bb6 15.
Kh1 Bc7 16. d4 Bb7 17. b4 Qe7 18. d5 a5 19. dxc6 Bxc6 20. Nd5 Bxd5 21. Bxf6
Qxf6 22. Qxd5 1/2-1/2

[Event "Superettan(Orebro-Majorna)"]
[Site "?"]
[Date "2013.01.12"]
[Round "4"]
[White "Enstrom, Henrik"]
[Black "Nygren, Kim"]
[Result "0-1"]
[WhiteElo "2232"]
[BlackElo "2302"]
[PlyCount "78"]
[SourceDate "2013.01.23"]

1. d4 d5 2. c4 e6 3. Nf3 c6 4. e3 f5 5. Nc3 Bd6 6. Bd3 Nh6 7. c5 Bc7 8. b4 O-O
9. b5 Bd7 10. Rb1 Be8 11. bxc6 bxc6 12. Qa4 Bh5 13. Rb7 Qc8 14. Rxa7 Rxa7 15.
Qxa7 Bxf3 16. gxf3 e5 17. dxe5 Bxe5 18. Ne2 f4 19. e4 Qh3 20. Bxf4 Rxf4 21.
Nxf4 Qxf3 22. exd5 Ng4 23. Ne2 Qxh1+ 24. Kd2 Qxd5 25. f4 Nd7 26. fxe5 Ngxe5 27.
Nc1 Nxc5 28. Qe7 g6 29. Qe8+ Kg7 30. Qe7+ Nf7 31. a3 Qd4 32. Kc2 h5 33. Be2 Ne4
34. Qb4 Qe3 35. Bd3 Nc5 36. Qd2 Qe7 37. Qb4 Qg5 38. Qd4+ Ne5 39. Be2 Qxc1+ 0-1

[Event "Superettan(Orebro-Majorna)"]
[Site "?"]
[Date "2013.01.12"]
[Round "4"]
[White "Alm, Hakan"]
[Black "Kall, Anders"]
[Result "0-1"]
[WhiteElo "2330"]
[BlackElo "2173"]
[PlyCount "98"]

1. c4 Nf6 2. Nf3 e6 3. d4 Bb4+ 4. Bd2 Qe7 5. g3 O-O 6. Qc2 Bxd2+ 7. Nbxd2 d6 8.
Bg2 Nbd7 9. O-O e5 10. e3 h6 11. Nh4 Re8 12. b4 a5 13. c5 Nf8 14. Nc4 e4 15.
cxd6 cxd6 16. Nb6 Rb8 17. Nxc8 Rexc8 18. Qb3 Qe6 19. f3 axb4 20. fxe4 Qxb3 21.
axb3 Rc3 22. Nf5 Ne6 23. Nxd6 Rxe3 24. e5 Ne8 25. Nxf7 Nxd4 26. Ra7 Nc7 27.
Bxb7 Ndb5 28. Ra4 Rxb7 29. Nd8 Ra7 30. Rxb4 Ra2 31. Rbf4 Rxe5 32. Nf7 Re7 33.
Nd8 Ree2 34. R1f2 Nd4 35. Rf8+ Kh7 36. Rxe2 Rxe2 37. h4 Nce6 38. Re8 Nxd8 39.
Rxd8 Nxb3 40. Rd3 Nd2 41. h5 Kg8 42. Rd8+ Kf7 43. Rd7+ Kf6 44. Rd6+ Ke7 45. Rd3
Ke6 46. Ra3 Kf5 47. Ra7 Kg4 48. Rxg7+ Kh3 49. Rg6 Rg2+ 0-1

[Event "Superettan(Orebro-Majorna)"]
[Site "?"]
[Date "2013.01.12"]
[Round "4"]
[White "Bengtsson, Tage"]
[Black "Lind, Jan-Olov"]
[Result "1/2-1/2"]
[WhiteElo "2148"]
[BlackElo "2267"]
[PlyCount "66"]

1. d4 Nf6 2. c4 g6 3. Nc3 Bg7 4. e4 d6 5. Be2 O-O 6. Bg5 c5 7. d5 e6 8. Qd2
exd5 9. exd5 Re8 10. Nf3 Bg4 11. O-O Nbd7 12. Rfe1 Qb6 13. Rac1 Re7 14. Bd1
Rxe1+ 15. Nxe1 Bxd1 16. Rxd1 Re8 17. Nd3 Ne4 18. Nxe4 Rxe4 19. b3 Qc7 20. Re1
Nf6 21. f3 Rxe1+ 22. Qxe1 a6 23. a4 Qd7 24. Nf2 h6 25. Bxf6 Bxf6 26. Kf1 b5 27.
axb5 axb5 28. Ne4 Bd4 29. Qg3 bxc4 30. bxc4 Qb7 31. Nxd6 Qb1+ 32. Qe1 Qd3+ 33.
Qe2 Qb1+ 1/2-1/2

[Event "Superettan(Orebro-Majorna)"]
[Site "?"]
[Date "2013.01.12"]
[Round "4"]
[White "Zetterberg, Staffan"]
[Black "Panas, Itai"]
[Result "1/2-1/2"]
[WhiteElo "2300"]
[BlackElo "2146"]
[PlyCount "81"]

1. Nf3 c5 2. g3 Nc6 3. c4 g6 4. Bg2 Bg7 5. Nc3 Nf6 6. d4 cxd4 7. Nxd4 O-O 8.
Nc2 d6 9. O-O Be6 10. b3 Qd7 11. Re1 Bh3 12. Bh1 Bf5 13. e4 Bg4 14. f3 Bh3 15.
Bb2 h5 16. Ne3 Ne5 17. Qd2 Rad8 18. Ncd5 Nxd5 19. Nxd5 Nc6 20. Rad1 e5 21. Qg5
Qe6 22. Nc7 Qf6 23. Qxf6 Bxf6 24. Nb5 Be7 25. Bg2 Bxg2 26. Kxg2 Rd7 27. Nc3
Rfd8 28. Nd5 Kf8 29. f4 f6 30. Re2 Kf7 31. Rf1 Ke6 32. f5+ Kf7 33. fxg6+ Kxg6
34. Ref2 Rf8 35. Ne3 Nb4 36. Bc3 Nd3 37. Re2 Nc5 38. Nf5 Rfd8 39. Rd1 Bf8 40.
Kf3 b6 41. Red2 1/2-1/2

[Event "Superettan(Orebro-Majorna)"]
[Site "?"]
[Date "2013.01.12"]
[Round "4"]
[White "Fors, Klas"]
[Black "Drugge, Patrick"]
[Result "1/2-1/2"]
[WhiteElo "2075"]
[BlackElo "2254"]
[PlyCount "44"]

1. d4 d5 2. c4 e6 3. Nf3 c6 4. e3 f5 5. Bd3 Bd6 6. O-O Nf6 7. b3 O-O 8. Ba3 Ne4
9. Bxd6 Qxd6 10. Ne5 Nd7 11. Nxd7 Bxd7 12. c5 Qe7 13. Nd2 b6 14. Rc1 e5 15. b4
a5 16. a3 axb4 17. axb4 bxc5 18. bxc5 Nxd2 19. Qxd2 exd4 20. exd4 Qh4 21. f4
Qf6 22. Bc2 Ra2 1/2-1/2

[Event "Superettan(Orebro-Majorna)"]
[Site "?"]
[Date "2013.01.12"]
[Round "4"]
[White "Blomstrom, Lars"]
[Black "Linden, Leif"]
[Result "0-1"]
[WhiteElo "2230"]
[BlackElo "1968"]
[PlyCount "82"]
[SourceDate "2013.01.24"]

1. e4 c5 2. Nf3 d6 3. d4 cxd4 4. Nxd4 Nf6 5. Nc3 a6 6. Bg5 Nbd7 7. f4 Qb6 8.
Qd2 Qxb2 9. Rb1 Qa3 10. Be2 Qc5 11. Nb3 Qc7 12. O-O e5 13. fxe5 dxe5 14. Bxf6
Nxf6 15. Rxf6 gxf6 16. Nd5 Qd8 17. Qc3 Bd6 18. Rf1 f5 19. exf5 Bd7 20. Qg3 Kf8
21. f6 Rg8 22. Qh4 Bc6 23. Qh6+ Ke8 24. Qxh7 Kf8 25. c4 Bxd5 26. cxd5 Rc8 27.
Kh1 Qb6 28. Bh5 Rc7 29. Qh6+ Ke8 30. Qh7 Rf8 31. Qf5 Kd8 32. h3 Qe3 33. Bf3 Rc4
34. Bg4 Rc7 35. Bf3 Rg8 36. Bg4 e4 37. Qf2 Qc3 38. Qe1 Qe5 39. g3 Rc2 40. Qa5+
Bc7 41. Qa4 Rxg4 0-1

[Event "Superettan(Orebro-Majorna)"]
[Site "?"]
[Date "2013.01.12"]
[Round "4"]
[White "Berg, Roy"]
[Black "Jonsson, Krister"]
[Result "0-1"]
[WhiteElo "1867"]
[BlackElo "2168"]
[PlyCount "76"]

1. d4 Nf6 2. c4 e6 3. Nf3 Bb4+ 4. Bd2 a5 5. Nc3 d5 6. cxd5 exd5 7. g3 O-O 8.
Bg2 Re8 9. O-O c6 10. Bg5 Nbd7 11. Re1 h6 12. Bf4 Nf8 13. a3 Be7 14. Ne5 Bf5
15. Qb3 Ne6 16. Be3 Rb8 17. f3 Bd6 18. Bf2 Nxd4 19. Bxd4 Bxe5 20. Bb6 Bc7 21.
Ba7 Ra8 22. Qxb7 Rxa7 23. Qb3 Bb6+ 24. Kh1 Rae7 25. Rad1 Re3 26. Qa4 Qd6 27.
Rd2 Bd3 28. Qd1 Ba6 29. Qb1 Bc7 30. Qf5 g6 31. Qh3 Kg7 32. Qh4 Qc5 33. h3 g5
34. Qa4 Bxg3 35. Rc1 Qc4 36. Qd1 Qh4 37. Qf1 Bf4 38. Qe1 Rxc3 0-1

[Event "Superettan(Orebro-Majorna)"]
[Site "?"]
[Date "2013.01.12"]
[Round "4"]
[White "Gummesson, Anton"]
[Black "Kruger, Jan"]
[Result "1-0"]
[WhiteElo "1963"]
[BlackElo "1842"]
[PlyCount "73"]

1. e4 d5 2. exd5 Qxd5 3. Nc3 Qa5 4. d4 c6 5. Bd2 Nf6 6. Nf3 Bf5 7. Bc4 e6 8.
Nd5 Qd8 9. Nxf6+ gxf6 10. c3 Nd7 11. Qe2 Nb6 12. Bb3 Bd6 13. Nh4 Bg6 14. a4 a5
15. O-O Nd5 16. Rfe1 O-O 17. Nxg6 hxg6 18. Qf3 Kg7 19. Rad1 Rh8 20. h3 Bc7 21.
c4 Ne7 22. Bc3 Nf5 23. d5 cxd5 24. cxd5 e5 25. d6 Nxd6 26. Bd5 Qb8 27. g4 g5
28. Rxe5 fxe5 29. Bxe5+ Kh7 30. Bxd6 Bxd6 31. Qxf7+ Kh6 32. Qf6+ Kh7 33. Be4+
Kg8 34. Qg6+ Kf8 35. Rxd6 Ra6 36. Qf6+ Kg8 37. Bd5+ 1-0

[Event "Superettan(Solna-Stockholms SS)"]
[Site "?"]
[Date "2013.01.12"]
[Round "4"]
[White "Uddenfeldt, Dan"]
[Black "Jonsson, Mikael"]
[Result "1-0"]
[WhiteElo "2432"]
[BlackElo "2335"]
[PlyCount "77"]

1. Nf3 d5 2. g3 c5 3. Bg2 Nc6 4. d4 Nf6 5. O-O Bg4 6. Ne5 Bh5 7. Nxc6 bxc6 8.
c4 e6 9. Nc3 Be7 10. Bg5 O-O 11. dxc5 Bxc5 12. Qa4 Rc8 13. cxd5 cxd5 14. Qh4
Bg6 15. e4 Be7 16. e5 Rc4 17. exf6 gxf6 18. Bf4 Qb6 19. Bxd5 exd5 20. Nxd5 Qe6
21. Nxe7+ Qxe7 22. Rfe1 Qd8 23. b3 Re4 24. Rxe4 Bxe4 25. Qg4+ Bg6 26. Rd1 h5
27. Qf3 Qa5 28. Bh6 Rd8 29. Rc1 Qe5 30. Bf4 Qe6 31. Be3 a6 32. h3 Rd5 33. Qf4
Qxh3 34. Bd4 Qg4 35. Bxf6 Rd1+ 36. Rxd1 Qxd1+ 37. Kh2 Qe2 38. Qb8+ Kh7 39. Qh8#
1-0

[Event "Superettan(Solna-Stockholms SS)"]
[Site "?"]
[Date "2013.01.12"]
[Round "4"]
[White "Lundvik, Jonas"]
[Black "Couso, Luis"]
[Result "0-1"]
[WhiteElo "2283"]
[BlackElo "2296"]
[PlyCount "70"]

1. d4 d5 2. Nf3 c6 3. c4 dxc4 4. e3 Be6 5. a4 Nf6 6. Na3 Bd5 7. Nxc4 e6 8. Bd3
Bb4+ 9. Bd2 Na6 10. O-O Bxd2 11. Qxd2 Qe7 12. Nce5 Nb4 13. Ng5 Nxd3 14. Qxd3 h6
15. Ngxf7 O-O 16. f3 c5 17. dxc5 Rxf7 18. Nxf7 Kxf7 19. b4 a5 20. e4 axb4 21.
exd5 Qxc5+ 22. Kh1 Nxd5 23. Rfe1 Rc8 24. Qe4 Rc6 25. Rad1 b3 26. Qe5 Ne7 27. h3
Qxe5 28. Rxe5 Nd5 29. Rd2 Rc2 30. Rxc2 bxc2 31. Re1 Nb4 32. Rc1 Kf6 33. f4 Kf5
34. Kg1 Ke4 35. Kf1 Kd3 0-1

[Event "Superettan(Solna-Stockholms SS)"]
[Site "?"]
[Date "2013.01.12"]
[Round "4"]
[White "Bergstrom, Rolf"]
[Black "Lindborg, Petter"]
[Result "1-0"]
[WhiteElo "2319"]
[BlackElo "2252"]
[PlyCount "82"]

1. e4 e6 2. d4 d5 3. e5 c5 4. c3 Nc6 5. Nf3 Bd7 6. Be2 f6 7. O-O Qc7 8. Bf4
Nge7 9. Bg3 Qb6 10. dxc5 Qxb2 11. Nbd2 Nf5 12. exf6 gxf6 13. c4 Nxg3 14. hxg3
Bxc5 15. cxd5 exd5 16. Rb1 Qa3 17. Rxb7 O-O-O 18. Rb3 Qa4 19. Qc2 Bb4 20. a3
Rde8 21. Bd3 Bxd2 22. Rb8+ Kxb8 23. Qxa4 Bh6 24. Qb5+ Kc7 25. Qxd5 Re6 26. Qh5
Rd6 27. Bb5 Bg5 28. Nxg5 fxg5 29. Qxg5 Rd8 30. Qc5 Ra8 31. Rc1 a6 32. Be2 Rf6
33. Bf3 Rb8 34. Qe5+ Rd6 35. Qf4 Rb6 36. g4 h6 37. Kh2 Be8 38. Rc5 Rb5 39. Rc3
Kd7 40. Bxc6+ Rxc6 41. Rxc6 Kxc6 1-0

[Event "Superettan(Solna-Stockholms SS)"]
[Site "?"]
[Date "2013.01.12"]
[Round "4"]
[White "Landgren, Andreas"]
[Black "Hammar, Bengt"]
[Result "0-1"]
[WhiteElo "2273"]
[BlackElo "2262"]
[PlyCount "204"]

1. d4 Nf6 2. c4 g6 3. Nc3 d5 4. Nf3 Bg7 5. Qb3 dxc4 6. Qxc4 O-O 7. e4 Bg4 8.
Be3 Nfd7 9. O-O-O Nb6 10. Qc5 Bxf3 11. gxf3 N8d7 12. Qa3 Nf6 13. Be2 Qd6 14.
Qb3 Qd7 15. h4 a5 16. Kb1 a4 17. Qc2 e6 18. Qd2 Rfd8 19. Bg5 Rdc8 20. e5 Nfd5
21. Ne4 h5 22. Bh6 Kh7 23. Bxg7 Kxg7 24. Rhg1 Qe7 25. Rg5 Qb4 26. Qc1 a3 27. b3
Na4 28. Rxh5 Nac3+ 29. Ka1 Rh8 30. Rxh8 Rxh8 31. Nxc3 Qxc3+ 32. Kb1 Rxh4 33.
Qxa3 Rxd4 34. Rc1 Qd2 35. Qb2 Qf4 36. Rc4 Rxc4 37. bxc4 Nb6 38. Qc3 Nd7 39. Qe3
Qxe5 40. f4 Qc5 41. Kc2 Qd6 42. Bf3 b6 43. Qc3+ Kg8 44. Qe3 Qb4 45. Qd4 Nf8 46.
Be4 Qa4+ 47. Kb2 Nd7 48. Bc2 Qb4+ 49. Bb3 Qe7 50. Kc2 Nc5 51. Qe5 Qd6 52. Qe3
Qd8 53. Kc3 Qf6+ 54. Kd2 Kf8 55. Ke2 Qf5 56. Kf1 Qe4 57. Ke2 Ke7 58. Qxe4 Nxe4
59. Ke3 Nc5 60. Bc2 Kd6 61. Kd4 Nd7 62. Bd1 c5+ 63. Ke3 f5 64. Be2 Nf6 65. f3
Nh5 66. Bd1 e5 67. fxe5+ Kxe5 68. Ba4 f4+ 69. Kd3 Nf6 70. Bd1 g5 71. Be2 Nh5
72. Bd1 Ng3 73. Ba4 Nf5 74. Bd7 Nd6 75. Bg4 Kf6 76. Bh5 Ke7 77. Bg4 Kd8 78. Bh3
Kc7 79. Be6 Kb7 80. a3 Ka6 81. Bd7 Ka5 82. Bc6 Ka6 83. Bd7 Kb7 84. Be6 Kc7 85.
Bh3 Kd8 86. Bg4 Ke7 87. Bh3 Kf6 88. Bd7 Kg6 89. Bg4 Kh6 90. Bh3 Kh5 91. Bg4+
Kh4 92. Be6 Kg3 93. Ke2 Ne8 94. Bd7 Nf6 95. Bc8 g4 96. Bb7 gxf3+ 97. Bxf3 Ng4
98. Bc6 Ne5 99. Bd5 f3+ 100. Bxf3 Nxf3 101. Ke3 Ng5 102. a4 Kg4 0-1

[Event "Superettan(Solna-Stockholms SS)"]
[Site "?"]
[Date "2013.01.12"]
[Round "4"]
[White "Henriksson, Johan"]
[Black "Johansson, Gunnar"]
[Result "1/2-1/2"]
[WhiteElo "2277"]
[BlackElo "2225"]
[PlyCount "86"]

1. d4 d5 2. Nf3 Nf6 3. c4 c6 4. g3 dxc4 5. Bg2 b5 6. O-O Nbd7 7. a4 Bb7 8. Ne5
Qc8 9. b3 e6 10. bxc4 Nxe5 11. dxe5 Nd7 12. Nc3 Nxe5 13. cxb5 Be7 14. Ne4 cxb5
15. Bb2 Qb8 16. Qd4 f6 17. axb5 O-O 18. Qa4 Bd5 19. Rfc1 Nd7 20. Ba3 Nb6 21.
Qd4 Bxa3 22. Rxa3 Qb7 23. Nc5 Qe7 24. Bxd5 Nxd5 25. Ra6 Nc7 26. Rc6 Nxb5 27.
Qc4 Nc7 28. Nd3 Nd5 29. Nf4 Nxf4 30. gxf4 Qf7 31. Rxe6 h6 32. f5 Kh7 33. Qg4
Rfc8 34. Ra1 a5 35. h4 h5 36. Qe4 Ra7 37. Ra4 Rcc7 38. Kg2 Re7 39. Kf3 Rec7 40.
e3 Rc5 41. Kg2 Qb7 42. Qxb7 Rxb7 43. Ra6 Rxf5 1/2-1/2

[Event "Superettan(Solna-Stockholms SS)"]
[Site "?"]
[Date "2013.01.12"]
[Round "4"]
[White "Bjarnehag, Peter"]
[Black "Braathen, Tom"]
[Result "1/2-1/2"]
[WhiteElo "2228"]
[BlackElo "2081"]
[PlyCount "54"]

1. Nf3 c5 2. c4 g6 3. d4 cxd4 4. Nxd4 Nc6 5. e4 Bg7 6. Be3 Nf6 7. Nc3 b6 8. Be2
Bb7 9. O-O O-O 10. f3 Rc8 11. Rc1 Nxd4 12. Bxd4 Bh6 13. Rc2 Nh5 14. g3 Ng7 15.
f4 Ne6 16. Be3 d6 17. Rd2 Qc7 18. b4 Qb8 19. Nd5 Rfe8 20. Qb3 Nc7 21. f5 Nxd5
22. exd5 Bg7 23. fxg6 hxg6 24. Bd4 Bh6 25. Be3 Bg7 26. Bd4 Bh6 27. Be3 Bg7
1/2-1/2

[Event "Superettan(Solna-Stockholms SS)"]
[Site "?"]
[Date "2013.01.12"]
[Round "4"]
[White "Dalmau, Jorgen"]
[Black "Carlsten, Peter"]
[Result "1/2-1/2"]
[WhiteElo "2153"]
[BlackElo "2059"]
[PlyCount "78"]

1. e4 d6 2. d4 Nf6 3. Nc3 e5 4. Nf3 Nbd7 5. Bc4 Be7 6. O-O O-O 7. Re1 c6 8. a4
a5 9. b3 Re8 10. Bb2 Qc7 11. h3 Bf8 12. Ng5 Re7 13. Ba3 Ne8 14. Qd2 exd4 15.
Qxd4 Ne5 16. Be2 h6 17. Nf3 Nxf3+ 18. Bxf3 g6 19. Rad1 Bg7 20. Qd3 Be6 21. Ne2
Be5 22. Qd2 Kh7 23. Nd4 Rd8 24. Nxe6 fxe6 25. Bc1 g5 26. g3 Qb6 27. Kg2 Qc5 28.
Rh1 Qc3 29. Qxc3 Bxc3 30. h4 Kg6 31. hxg5 hxg5 32. Rh5 Bf6 33. e5 Bxe5 34.
Rxg5+ Kf6 35. Rh5 Rg7 36. Rxe5 Kxe5 37. Bb2+ Kf5 38. Bxg7 Nxg7 39. g4+ Ke5
1/2-1/2

[Event "Superettan(Schack 08-Majorna)"]
[Site "?"]
[Date "2013.01.13"]
[Round "5"]
[White "Enstrom, Henrik"]
[Black "Renman, Nils-Gustaf"]
[Result "0-1"]
[WhiteElo "2232"]
[BlackElo "2410"]
[PlyCount "118"]
[EventDate "2013.??.??"]

1. d4 e6 2. c4 f5 3. Nf3 Nf6 4. e3 Bb4+ 5. Nfd2 O-O 6. Bd3 d6 7. O-O e5 8. Qb3
c5 9. Nc3 Bxc3 10. Qxc3 Nc6 11. d5 Ne7 12. f4 e4 13. Be2 b5 14. cxb5 Nexd5 15.
Qb3 Kh8 16. a4 Nb4 17. Nc4 d5 18. Ne5 a5 19. bxa6 Bxa6 20. Bxa6 Nxa6 21. Rd1
Rb8 22. Qc3 Qb6 23. Rb1 c4 24. b3 cxb3 25. Bb2 Nc5 26. Qd4 Ne6 27. Qxb6 Rxb6
28. a5 Ra6 29. Bc3 Rb8 30. Ra1 Kg8 31. Rdb1 d4 32. Bxd4 Nxd4 33. exd4 Rb5 34.
Nc4 Rb4 35. Ne3 Rb5 36. Kf2 g6 37. Ke2 Rbxa5 38. Rxa5 Rxa5 39. Rxb3 Ra2+ 40.
Ke1 Nh5 41. g4 Nxf4 42. gxf5 Rxh2 43. fxg6 hxg6 44. Nf1 Ra2 45. Ne3 Kf7 46. Kd1
Ra4 47. Rb7+ Kf6 48. Rd7 Ke6 49. Rd8 Ke7 50. Rb8 Rxd4+ 51. Kc2 Rd3 52. Rb7+ Ke6
53. Rb6+ Ke5 54. Ng4+ Kf5 55. Nf2 Rd5 56. Nd1 Ng2 57. Nc3 Ne3+ 58. Kc1 Rc5 59.
Rb3 Nd5 0-1

[Event "Superettan(Schack 08-Majorna)"]
[Site "?"]
[Date "2013.01.13"]
[Round "5"]
[White "Ingbrant, Johan"]
[Black "Kall, Anders"]
[Result "1-0"]
[WhiteElo "2437"]
[BlackElo "2173"]
[PlyCount "98"]
[EventDate "2013.??.??"]

1. d4 Nf6 2. c4 e6 3. Nc3 Bb4 4. e3 O-O 5. Bd3 Bxc3+ 6. bxc3 d6 7. Ne2 Nbd7 8.
e4 Re8 9. O-O e5 10. Ng3 Nf8 11. f4 c5 12. fxe5 dxe5 13. Bg5 Re6 14. d5 Rd6 15.
Nh5 N8d7 16. Qf3 Qf8 17. Ng3 g6 18. h3 h6 19. Be3 b6 20. a4 a5 21. Ra2 Qg7 22.
Raf2 Kh7 23. Qe2 Ba6 24. Nh1 Rf8 25. g4 Ng8 26. g5 hxg5 27. Bxg5 f6 28. Bd2 Ne7
29. Rg2 Rh8 30. Rf3 Kg8 31. Nf2 Bc8 32. Ng4 Nf8 33. Rfg3 Kf7 34. Qd1 Ke8 35.
Be2 Kd8 36. Nf2 g5 37. Bg4 Ba6 38. Qb3 Kc7 39. Nd3 Nfg6 40. Be3 Rb8 41. Nxc5
bxc5 42. Qa3 Rb1+ 43. Kh2 Rdb6 44. Qxc5+ Kb7 45. Qxa5 R6b2 46. c5 Bd3 47. c6+
Nxc6 48. dxc6+ Kxc6 49. Qc5+ Kb7 1-0

[Event "Superettan(Schack 08-Majorna)"]
[Site "?"]
[Date "2013.01.13"]
[Round "5"]
[White "Fors, Klas"]
[Black "Laveryd, Peter"]
[Result "0-1"]
[WhiteElo "2075"]
[BlackElo "2431"]
[PlyCount "26"]
[EventDate "2013.??.??"]

1. Nf3 Nf6 2. c4 c5 3. Nc3 Nc6 4. g3 g6 5. Bg2 Bg7 6. O-O O-O 7. d4 d6 8. dxc5
dxc5 9. Be3 Qa5 10. Qa4 Qxa4 11. Nxa4 b6 12. Ne5 Nxe5 13. Bxa8 Bd7 0-1

[Event "Superettan(Schack 08-Majorna)"]
[Site "?"]
[Date "2013.01.13"]
[Round "5"]
[White "Faldt, Magnus"]
[Black "Panas, Itai"]
[Result "0-1"]
[WhiteElo "2211"]
[BlackElo "2146"]
[PlyCount "129"]
[EventDate "2013.??.??"]

1. d4 Nf6 2. c4 g6 3. Nc3 d5 4. Bf4 c6 5. e3 Bg7 6. Nf3 Nbd7 7. h3 O-O 8. Rc1
Ne4 9. cxd5 cxd5 10. Nxe4 dxe4 11. Bc7 Qe8 12. Nd2 Nf6 13. Bc4 b5 14. Bb3 Bb7
15. O-O Qd7 16. Rc5 Rfc8 17. Qc2 Ne8 18. Rc1 e6 19. Bg3 f5 20. a3 Bf8 21. Rxc8
Rxc8 22. Qd1 Nf6 23. Be5 Nd5 24. Nf1 Nb6 25. Nd2 a5 26. f3 a4 27. Ba2 Bd5 28.
Bb1 exf3 29. gxf3 Nc4 30. Nxc4 Bxc4 31. Qe1 Qd8 32. Kh2 Bh6 33. Qf2 Bg5 34. Rg1
Bh4 35. Qd2 Bf6 36. Bxf6 Qxf6 37. Rg2 Rd8 38. Qc3 Qf8 39. Rd2 Rc8 40. Rf2 Qd6+
41. f4 Rc6 42. Rc2 Qd5 43. Qa5 Rd6 44. Qc7 Rd7 45. Qc8+ Kg7 46. Rc1 Rf7 47. Qb8
Qf3 48. Qe5+ Kh6 49. Rg1 Bd5 50. e4 fxe4 51. Qg5+ Kg7 52. Qe5+ Kg8 53. Rc1
Qxf4+ 54. Qxf4 Rxf4 55. Kg3 Rf3+ 56. Kg4 h6 57. Rc5 Rb3 58. Kf4 Rxh3 59. Rxb5
Rf3+ 60. Kg4 Kg7 61. Bc2 Rf2 62. Bxa4 e3 63. Rc5 e2 64. Be8 e1=Q 65. Rc7+ 0-1

[Event "Superettan(Schack 08-Majorna)"]
[Site "?"]
[Date "2013.01.13"]
[Round "5"]
[White "Bengtsson, Tage"]
[Black "Ottenklev, Niclas"]
[Result "0-1"]
[WhiteElo "2148"]
[BlackElo "2201"]
[PlyCount "104"]
[EventDate "2013.??.??"]

1. d4 f5 2. g3 Nf6 3. Bg2 g6 4. Nf3 Bg7 5. O-O O-O 6. c4 d6 7. Nc3 Qe8 8. b4 c6
9. Rb1 e5 10. dxe5 dxe5 11. e4 f4 12. gxf4 exf4 13. Qd3 Ng4 14. Ne2 Ne5 15.
Nxe5 Bxe5 16. Bb2 Nd7 17. Nd4 Nf6 18. b5 c5 19. Nb3 b6 20. Rfd1 Bb7 21. f3 Bxb2
22. Rxb2 Qe5 23. Re2 Bc8 24. Qd6 Qxd6 25. Rxd6 Kf7 26. a4 Be6 27. e5 Ne8 28.
Rxe6 Kxe6 29. Bh3+ Ke7 30. Nd2 Rd8 31. Ne4 Rd4 32. Rc2 h6 33. Bc8 Ng7 34. Bb7
Nf5 35. a5 Ne3 36. Ra2 Nxc4 37. axb6 axb6 38. Ra7 Ke6 39. Nc3 Nxe5 40. Be4 Rfd8
41. Ra6 R8d6 42. Ra8 Rd8 43. Ra6 Nc4 44. Bc2 g5 45. Bb3 Ke5 46. Ne4 Nd2 47.
Nxd2 Rxd2 48. Rxb6 Rb2 49. Ba4 Rb1+ 50. Kg2 Rb4 51. Ra6 Rd2+ 52. Kh3 h5 0-1